000 00642nam a2200229Ia 4500
003 OSt
005 20221007074849.0
006 a|||||r|||| 00| 0
007 ta
008 221006b |||||||| |||| 00| 0 eng d
024 _a1,358
037 _cReference Collections
040 _aFLL
_cFLL
_beng
041 _2eng
_aeng
082 _aX72991:Z2qN53, L0
100 _aGupta D. R.
_9274302
245 0 _aIndian Estate duty act, 1953
260 _aNew Delhi
_bAnupam Prakashan India
_c1970
300 _a808p
_ccm.
942 _hX72991:Z2qN53, L0
_cREF
_2CC
999 _c1153949
_d1153949